000 00266nam a2200109Ia 4500
005 20251222120856.0
008 251222s1900||||xx |||||||||||||| ||spa||
082 _aDVD0080/G43/1995
245 0 _aCorazón valiente:Braveheart
264 _b20th Century Fox
942 _cDVD
999 _c2411
_d2411